| 000 | 01028cam a22003137a 4500 | ||
|---|---|---|---|
| 003 | CHAP | ||
| 005 | 20220817044504.0 | ||
| 008 | 111005s1974 it rn 00010 spa d | ||
| 010 | _a102324 | ||
| 011 | _a103296 | ||
| 035 | _a113985 | ||
| 040 | _cCHAP | ||
| 082 | 0 | 4 |
_a631.4 _bF21 v.19 |
| 110 | 2 | _aFAO | |
| 245 | 1 | 3 |
_aLa interpretación de los levantamientos de suelos para las obras de ingeniería _c/por FAO |
| 260 |
_aRoma : _bFAO, _c1974 |
||
| 300 |
_avi, 24 p. : _bgráfs., cuadros |
||
| 490 | 0 |
_aFAO. Boletín de suelos _v; 19 |
|
| 590 |
_aBATCH-UPD _b10 _c20130110 _lUCH01 _h1530 |
||
| 590 |
_aBATCH-UPD _b10 _c20130410 _lUCH01 _h0937 |
||
| 590 |
_aBATCH-UPD _b10 _c20130914 _lUCH01 _h1341 |
||
| 590 |
_aCONVERSION _b10 _c20130109 _lUCH01 _h1356 |
||
| 650 | 1 | 4 |
_aLevantamiento topográfico. _966426 |
| 650 | 1 | 4 |
_aSuelos _xTopografía. _9110495 |
| 830 | 0 |
_aFAO. Boletín de suelos _v; 19 _939455 |
|
| 901 | _aBK | ||
| 942 | _cLIBRO | ||
| 949 |
_a631.47 F21 v.19 _bBC _cFAO _d33724002312702 _eFAO1 _gDonaciØn _h115932 _i113985 _sb |
||
| 999 |
_c102324 _d102324 |
||